Normal view
MARC view
- Ji, Huayv.
Entry Personal Name
001 - CONTROL NUMBER
- control field: 54570
003 - CONTROL NUMBER IDENTIFIER
- control field: OSt
005 - DATE AND TIME OF LATEST TRANSACTION
- control field: 20240313103219.0
008 - FIXED-LENGTH DATA ELEMENTS
- fixed length control field: 240313|| aca||aabn | a|a d
040 ## - CATALOGING SOURCE
- Original cataloging agency: OSt
- Transcribing agency: OSt
100 ## - HEADING--PERSONAL NAME
- Personal name: Ji, Huayv.
- Relator term: author.
670 ## - SOURCE DATA FOUND
- Source citation: Work cat.: (OSt): Ji, Huayv. author., Small-step discretization method for modeling and stability analysis of cascaded DC-DC converters with considering different switching frequencies /, August 2022.
